Normal view
MARC view
Entry Personal Name
001 - CONTROL NUMBER
- control field: 1139524
003 - CONTROL NUMBER IDENTIFIER
- control field: OSt
005 - DATE AND TIME OF LATEST TRANSACTION
- control field: 20260324111652.0
008 - FIXED-LENGTH DATA ELEMENTS
- fixed length control field: 260324|| aca||aabn | a|a d
040 ## - CATALOGING SOURCE
- Original cataloging agency: OSt
- Transcribing agency: OSt
100 ## - HEADING--PERSONAL NAME
- Personal name: Bożena Gajdzik; Magdalena Jaciow; Radoslaw Wolniak; Robert Wolny
670 ## - SOURCE DATA FOUND
- Source citation: Work cat.: (OSt)1728423: Bożena Gajdzik; Magdalena Jaciow; Radoslaw Wolniak; Robert Wolny, Maturity Business Models for Manufacturing in the Digital Age
